| 000 | 01728nam a22004457a 4500 | ||
|---|---|---|---|
| 003 | CHAP | ||
| 005 | 20220329140957.0 | ||
| 008 | 971013s1947 r 00010 d | ||
| 010 | _a60791 | ||
| 011 | _a61763 | ||
| 035 | _a65931 | ||
| 040 | _cCHAP | ||
| 082 |
_a532 _bT78 |
||
| 100 | 0 | 0 |
_aTrueba Coronel, Samuel. _9115364 |
| 245 | _aHidráulica | ||
| 260 |
_aMéxico, D.F. : _bAvance, _c1947 |
||
| 300 |
_a430 p. _b: ilus. |
||
| 500 | _ac.19-56 en bodega | ||
| 590 |
_aBATCH-UPD _b10 _c20130110 _lUCH01 _h0914 |
||
| 590 |
_aBATCH-UPD _b10 _c20130410 _lUCH01 _h0538 |
||
| 590 |
_aBATCH-UPD _b10 _c20130914 _lUCH01 _h1613 |
||
| 590 |
_aCONVERSION _b10 _c20130109 _lUCH01 _h1333 |
||
| 650 | 1 | 4 |
_aHidráulica. _955219 |
| 901 | _aBK | ||
| 942 | _cLIBRO | ||
| 949 |
_a532 T78 _bBC _cBPA _d-150626 _eBPA _fc.11 _i65931 _si |
||
| 949 |
_a532 T78 _bBC _cBPA _d-150627 _eBPA _fc.12 _i65931 _si |
||
| 949 |
_a532 T78 _bBC _cBPA _d-150628 _eBPA _fc.14 _i65931 _si |
||
| 949 |
_a532 T78 _bBC _cBPA _d-150629 _eBPA _fc.15 _i65931 _si |
||
| 949 |
_a532 T78 _bBC _cBPA _d-150630 _eBPA _fc.17 _i65931 _si |
||
| 949 |
_a532 T78 _bBC _cBPA _d-150631 _eBPA _fc.16 _i65931 _si |
||
| 949 |
_a532 T78 _bBC _cBPA _d-150632 _eBPA _fc.19 _i65931 _si |
||
| 949 |
_a532 T78 _bBC _cLIBRO _d33724000393492 _eLIBRO _fc.7 _h1927 _i65931 _si |
||
| 949 |
_a532 T78 _bBC _cLIBRO _d33724000393500 _eLIBRO _fc.6 _h1926 _i65931 _si |
||
| 949 |
_a532 T78 _bBC _cLIBRO _d33724000393633 _eLIBRO _fc.8 _h1928 _i65931 _si |
||
| 949 |
_a532 T78 _bBC _cLIBRO _d33724000393641 _eLIBRO _fc.9 _i65931 _si |
||
| 949 |
_a532 T78 _bBC _cLIBRO _d33724000393658 _eLIBRO _fc.3 _h1924 _i65931 _si |
||
| 949 |
_a532 T78 _bBC _cLIBRO _d33724000393666 _eLIBRO _fc.4 _h1925 _i65931 _si |
||
| 949 |
_a532 T78 _bBC _cLIBRO _d33724002014355 _eLIBRO _h1922 _i65931 _so |
||
| 999 |
_c60791 _d60791 |
||